| 000 | 00800cam a2200265 a 4500 | ||
|---|---|---|---|
| 001 | 000011884 | ||
| 005 | 20200929162614.0 | ||
| 008 | 810528s1979 sp b 001 0 spa | ||
| 015 | _aSp | ||
| 020 |
_a8437602076 : _c550ptas |
||
| 040 |
_aDO-SdBNP _cDLC _dDLC |
||
| 082 |
_a415 _bD587s |
||
| 100 | 1 |
_aD'Introno, Francesco. _928091 |
|
| 245 | 1 | 0 |
_aSintaxis transformacional del español / _cFrancesco D'Introno. |
| 260 |
_aMadrid : _bCátedra, _c1979. |
||
| 300 |
_a307 p. ; _c21 cm. |
||
| 490 | 1 | _aLingüística | |
| 504 | _aBibliografía (p. 299-302) | ||
| 500 | _aIncludes indexes. | ||
| 650 | 4 |
_aGramática general y comparada _xSintaxis. _928092 |
|
| 650 | 4 |
_aGramática generativa _928093 |
|
| 830 | 0 |
_aLingüística ; _916423 |
|
| 910 | _aCatalogación por copia / LC | ||
| 049 | _aBNGR | ||
| 999 |
_c11556 _d11556 |
||